[Event "Cuiaba Contaud op"]
[Site "Cuiaba"]
[Date "2023.11.04"]
[Round "5"]
[White "Azevedo Junior, Jose Ferreira"]
[Black "Franca, Elizeu Cleber Dos S"]
[Result "1/2-1/2"]
[WhiteElo "2103"]
[BlackElo "2076"]
[PlyCount "70"]
[EventDate "2023.11.02"]
[EventType "swiss"]
[EventRounds "7"]
[EventCountry "BRA"]
[SourceTitle "CB46_2023"]
[SourceDate "2023.11.15"]
[SourceVersion "1"]
[SourceVersionDate "2023.11.15"]
[SourceQuality "1"]

1. c4 e6 2. g3 d5 3. Bg2 Nf6 4. d4 Be7 5. Nf3 0-0 6. 0-0 dxc4 7. Ne5 Nc6 8. Nxc6 bxc6 9. Bxc6 Rb8 10. Nc3 Nd5 11. e4 Nb4 12. Bb5 Nd3 13. Qe2 Nxc1 14. Raxc1 Qxd4 15. Bxc4 Qb6 16. b3 Bd7 17. Rfd1 Rfd8 18. Rd3 Be8 19. Rcd1 Rxd3 20. Qxd3 Rd8 21. Qc2 Rxd1+ 22. Nxd1 Bc5 23. Kg2 Bd4 24. f3 Qb4 25. Qe2 Qa3 26. Qc2 Qb4 27. Qe2 c5 28. a4 Bc6 29. h4 h5 30. Nf2 Qc3 31. Qd3 Qb2 32. Qe2 Qa1 33. Qf1 Qc3 34. Qd3 Qc1 35. Qf1 Qd2 1/2-1/2

[Event "Florianopolis zt 2.4"]
[Site "Florianopolis"]
[Date "2017.04.30"]
[Round "8"]
[White "Azevedo Junior, Jose Ferreira"]
[Black "Teixeira, Ricardo da Silva"]
[Result "1/2-1/2"]
[WhiteElo "2124"]
[BlackElo "2205"]
[PlyCount "126"]
[EventDate "2017.04.26"]
[EventType "swiss"]
[EventRounds "9"]
[EventCountry "BRA"]
[SourceTitle "CBM 178 Extra"]
[Source "ChessBase"]
[SourceDate "2017.06.22"]
[SourceVersion "1"]
[SourceVersionDate "2017.06.22"]
[SourceQuality "1"]

1. Nf3 e6 2. d4 f5 3. g3 Nf6 4. Bg2 Be7 5. c4 d6 6. Nc3 0-0 7. 0-0 a5 8. b3 Ne4 9. Bb2 Nxc3 10. Bxc3 Nc6 11. d5 Nb8 12. dxe6 Bxe6 13. Nd4 Bc8 14. e3 c6 15. Qd2 a4 16. Rfd1 axb3 17. axb3 Rxa1 18. Rxa1 Na6 19. b4 Nc7 20. Ra7 d5 21. Qa2 Kh8 22. Ra5 dxc4 23. Qxc4 Bf6 24. h4 g6 25. Bf3 Qd6 26. Kg2 Kg7 27. Qc5 Qxc5 28. Rxc5 Bd7 29. Ra5 Ra8 30. Rxa8 Nxa8 31. Kf1 Nc7 32. Ke2 b6 33. Kd3 c5 34. bxc5 bxc5 35. Nc6 Be6 36. Na5 Bxc3 37. Kxc3 Nb5+ 38. Kd3 Kf6 39. Nc4 Ke7 40. Bc6 Nd6 41. Nd2 Kd8 42. f3 Kc7 43. Ba4 Kb6 44. Kc3 Ka5 45. Bc6 Kb6 46. Ba4 Bd5 47. Bc2 Nb5+ 48. Kd3 Ka5 49. e4 fxe4+ 50. fxe4 Be6 51. Bb3 Bxb3 52. Nxb3+ Kb4 53. Nd2 Nd6 54. e5 c4+ 55. Nxc4 Nxc4 56. Kd4 Kb5 57. Kd5 Nb6+ 58. Ke6 Kc6 59. g4 Nd7 60. h5 gxh5 61. gxh5 h6 62. Kf5 Nf8 63. Kf6 Kd5 1/2-1/2

[Event "Florianopolis op 3rd"]
[Site "Florianopolis"]
[Date "2017.01.21"]
[Round "2"]
[White "Azevedo Junior, Jose Ferreira"]
[Black "Predebon, Eduardo Angonesi"]
[Result "1-0"]
[WhiteElo "2100"]
[BlackElo "1856"]
[PlyCount "66"]
[EventDate "2017.01.20"]
[EventType "swiss"]
[EventRounds "10"]
[EventCountry "BRA"]
[SourceTitle "CBM 176 Extra"]
[Source "ChessBase"]
[SourceDate "2017.03.02"]
[SourceVersion "1"]
[SourceVersionDate "2017.03.02"]
[SourceQuality "1"]

1. c4 Nf6 2. Nc3 g6 3. g3 Bg7 4. Bg2 0-0 5. d4 d6 6. Nf3 Nbd7 7. 0-0 e5 8. e3 Re8 9. b3 c6 10. dxe5 dxe5 11. Bb2 Qc7 12. Qe2 a5 13. Rad1 Nc5 14. h3 Bf5 15. Ne1 Rad8 16. g4 Rxd1 17. Nxd1 Bc8 18. Ba3 Bf8 19. Nc3 Rd8 20. Nc2 Ne6 21. Bb2 Nc5 22. Rd1 Rxd1+ 23. Qxd1 Qd7 24. Qxd7 Bxd7 25. Ne1 h5 26. f3 Bh6 27. Kf2 hxg4 28. fxg4 Bxg4 29. hxg4 Nxg4+ 30. Ke2 Nxe3 31. Bh3 f5 32. Bc1 g5 33. Ba3 Ne6 1-0

[Event "Florianopolis op 3rd"]
[Site "Florianopolis"]
[Date "2017.01.20"]
[Round "1"]
[White "Maia, Luciano Malta"]
[Black "Azevedo Junior, Jose Ferreira"]
[Result "1-0"]
[WhiteElo "2307"]
[BlackElo "2100"]
[PlyCount "47"]
[EventDate "2017.01.20"]
[EventType "swiss"]
[EventRounds "10"]
[EventCountry "BRA"]
[SourceTitle "CBM 176 Extra"]
[Source "ChessBase"]
[SourceDate "2017.03.02"]
[SourceVersion "1"]
[SourceVersionDate "2017.03.02"]
[SourceQuality "1"]

1. Nf3 d5 2. d4 Nf6 3. c4 c6 4. e3 g6 5. Nc3 Bg7 6. Bd3 0-0 7. 0-0 Bg4 8. h3 Bxf3 9. Qxf3 dxc4 10. Bxc4 Nbd7 11. Rd1 Qc7 12. e4 e5 13. d5 cxd5 14. Bxd5 Rab8 15. Be3 b5 16. Rac1 Qa5 17. Bb3 Nb6 18. Bg5 Nh5 19. Be7 Nc4 20. Bxf8 Rxf8 21. Rd5 Nxb2 22. Rxb5 Qa3 23. Rc2 Nf4 24. Rxb2 1-0

[Event "American Continental 10th"]
[Site "Praia da Pipa"]
[Date "2014.10.26"]
[Round "11"]
[White "Azevedo Junior, Jose Ferreira"]
[Black "Zimmermann, Kleber Renato P"]
[Result "1/2-1/2"]
[WhiteElo "2088"]
[BlackElo "1938"]
[PlyCount "183"]
[EventDate "2014.10.18"]
[EventType "swiss"]
[EventRounds "11"]
[EventCountry "BRA"]
[SourceTitle "EXT 2015"]
[Source "ChessBase"]
[SourceDate "2014.11.20"]
[SourceVersion "1"]
[SourceVersionDate "2014.11.20"]
[SourceQuality "1"]

1. d4 Nf6 2. Nf3 g6 3. g3 Bg7 4. Bg2 d5 5. 0-0 0-0 6. c3 c5 7. Re1 Nc6 8. Ne5 cxd4 9. cxd4 Qb6 10. Nxc6 Qxc6 11. Nc3 e6 12. Bg5 Qb6 13. Qd2 Bd7 14. Bxf6 Bxf6 15. e3 Rfc8 16. Rac1 Be7 17. a3 a5 18. h4 Qd8 19. Bf1 Qe8 20. Nb1 Qd8 21. Rxc8 Rxc8 22. Rc1 Rxc1 23. Qxc1 Qb6 24. Nc3 Qb3 25. Bd3 b5 26. Qc2 Qxc2 27. Bxc2 b4 28. axb4 Bxb4 29. Kf1 Bxc3 30. bxc3 a4 31. Ke1 a3 32. Bb3 Bb5 33. Kd2 Kf8 34. Kc2 Ke7 35. Kb1 f6 36. Ka2 Kd6 37. Kxa3 e5 38. Kb4 Bd3 39. Ba4 exd4 40. exd4 g5 41. Bb5 Be4 42. c4 dxc4 43. Bxc4 h6 44. Kc3 Bb1 45. Kd2 Bf5 46. Ke3 Bd7 47. Kf3 Bc8 48. Ke4 Bd7 49. Bf7 Ke7 50. Bg6 Kd6 51. Bf5 Bc6+ 52. Ke3 Ba4 53. f4 Bd1 54. Be4 Bg4 55. Kd3 Be6 56. f5 Bd7 57. Ke3 Ba4 58. Bd3 Bc6 59. hxg5 hxg5 60. Be4 Ba4 61. Kd3 Bd1 62. Bg2 Bg4 63. Be4 Bd1 64. Kc4 Be2+ 65. Kb4 Bf1 66. Ka5 Kc7 67. Bc2 Be2 68. Bb3 Bd3 69. Be6 Be2 70. Kb4 Kd6 71. Bc4 Bg4 72. Be6 Be2 73. Ka5 Kc7 74. Bb3 Bd3 75. Be6 Be2 76. Kb4 Kd6 77. Kc3 Bd1 78. Kd3 Bf3 79. Bb3 Bg4 80. Ke4 Be2 81. Bc2 Bh5 82. Bd3 Bd1 83. Ke3 Bg4 84. Be4 Bd1 85. Bf3 Bc2 86. g4 Ba4 87. Kd3 Bb5+ 88. Kc3 Bf1 89. Kb4 Bd3 90. Ka5 Kc7 91. Bd1 Bf1 92. Kb4 1/2-1/2

[Event "American Continental 10th"]
[Site "Praia da Pipa"]
[Date "2014.10.20"]
[Round "4"]
[White "Tapia Fuentes, Jaime"]
[Black "Azevedo Junior, Jose Ferreira"]
[Result "0-1"]
[WhiteElo "2208"]
[BlackElo "2088"]
[PlyCount "64"]
[EventDate "2014.10.18"]
[EventType "swiss"]
[EventRounds "11"]
[EventCountry "BRA"]
[SourceTitle "EXT 2015"]
[Source "ChessBase"]
[SourceDate "2014.11.20"]
[SourceVersion "1"]
[SourceVersionDate "2014.11.20"]
[SourceQuality "1"]

1. e4 e5 2. Nf3 Nc6 3. d4 exd4 4. Nxd4 Nf6 5. Nxc6 bxc6 6. Bd3 d5 7. exd5 cxd5 8. 0-0 Be7 9. Re1 0-0 10. Nc3 Bb7 11. Ne2 c5 12. c3 Ne4 13. Be3 Bd6 14. Bxe4 dxe4 15. Bf4 Bxf4 16. Nxf4 Qg5 17. Qc1 Rad8 18. Qe3 Rd6 19. Rad1 Qd8 20. Rb1 Qc7 21. b4 cxb4 22. cxb4 Rf6 23. g3 Ba8 24. Rec1 Qb7 25. Rc5 h6 26. h4 Rd8 27. Rbc1 Qxb4 28. Rc8 Rfd6 29. Qxa7 Bd5 30. a3 Qb2 31. Nxd5 Rxd5 32. Qa8 Qxc1+ 0-1

[Event "Maceio Alagoano-ch 40th"]
[Site "Maceio"]
[Date "2014.08.24"]
[Round "5"]
[White "Azevedo Junior, Jose Ferreira"]
[Black "De Miranda, Yuri Patrice Rocha"]
[Result "1-0"]
[WhiteElo "2134"]
[BlackElo "1828"]
[PlyCount "61"]
[EventDate "2014.08.23"]
[EventType "swiss"]
[EventRounds "6"]
[EventCountry "BRA"]
[SourceTitle "EXT 2016"]
[Source "ChessBase"]
[SourceDate "2015.10.08"]
[SourceVersion "1"]
[SourceVersionDate "2015.10.08"]
[SourceQuality "1"]

1. c4 Nf6 2. Nc3 c6 3. d4 d5 4. e3 Nbd7 5. Nf3 Nb6 6. c5 Nbd7 7. b4 g6 8. Bb2 Bg7 9. Bd3 0-0 10. 0-0 Ng4 11. h3 Nh6 12. e4 dxe4 13. Nxe4 f5 14. Neg5 Nf6 15. Qb3+ Nd5 16. Rfe1 Nf7 17. Nxf7 Rxf7 18. Ng5 Rf6 19. Bc4 h6 20. Nf3 a6 21. Re2 Kh7 22. Rae1 e6 23. Ne5 Qf8 24. a3 Rb8 25. Bc1 Kh8 26. Bxd5 exd5 27. Qg3 f4 28. Nxg6+ Kg8 29. Bxf4 Qf7 30. Ne7+ Kh7 31. Bxb8 1-0

[Event "Fortaleza Alves Memorial 19th"]
[Site "Fortaleza"]
[Date "2014.05.18"]
[Round "5"]
[White "Azevedo Junior, Jose Ferreira"]
[Black "Brito, Luismar Jorge"]
[Result "1/2-1/2"]
[WhiteElo "2063"]
[BlackElo "2265"]
[PlyCount "74"]
[EventDate "2014.05.16"]
[EventType "swiss"]
[EventRounds "6"]
[EventCountry "BRA"]
[SourceTitle "CBM 160 Extra"]
[Source "ChessBase"]
[SourceDate "2014.07.01"]
[SourceVersion "1"]
[SourceVersionDate "2014.07.01"]
[SourceQuality "1"]

1. d4 d5 2. c4 Nc6 3. Nf3 Bg4 4. e3 e5 5. dxe5 d4 6. Be2 Bb4+ 7. Kf1 dxe3 8. Qxd8+ Rxd8 9. Bxe3 Bxf3 10. gxf3 Nxe5 11. a3 Be7 12. Nc3 Nf6 13. b4 a6 14. Kg2 0-0 15. Rhd1 Ng6 16. Ne4 Nh4+ 17. Kf1 Nf5 18. Bf4 c6 19. Bc7 Rc8 20. Bb6 Rfe8 21. Ra2 Bd8 22. Bxd8 Rcxd8 23. Rad2 Rxd2 24. Rxd2 Kf8 25. Nc5 Rb8 26. a4 Ke7 27. b5 axb5 28. cxb5 cxb5 29. Bxb5 b6 30. Ne4 Rd8 31. Rxd8 Kxd8 32. Ke2 Nd5 33. Kd3 Ke7 34. Ng3 Nd6 35. Kd4 Nc7 36. Bc4 g6 37. Ne4 f6 1/2-1/2

[Event "Praia Atalaia op"]
[Site "Praia Atalaia"]
[Date "2014.05.03"]
[Round "3"]
[White "Azevedo Junior, Jose Ferreira"]
[Black "Reis, Paulo F Jatoba"]
[Result "0-1"]
[WhiteElo "2063"]
[BlackElo "2395"]
[PlyCount "40"]
[EventDate "2014.05.02"]
[EventType "swiss"]
[EventRounds "6"]
[EventCountry "BRA"]
[SourceTitle "CBM 160 Extra"]
[Source "ChessBase"]
[SourceDate "2014.07.01"]
[SourceVersion "1"]
[SourceVersionDate "2014.07.01"]
[SourceQuality "1"]

1. d4 Nf6 2. Nf3 c5 3. e3 g6 4. c4 Bg7 5. Nc3 0-0 6. Be2 cxd4 7. Nxd4 d5 8. 0-0 dxc4 9. Bxc4 a6 10. b3 Qc7 11. Nce2 e5 12. Nf3 Rd8 13. Qc2 Bf5 14. Qc3 b5 15. Qxe5 Qb7 16. Bxf7+ Qxf7 17. Ned4 Nbd7 18. Qg3 Ne4 19. Qf4 Ndc5 20. Ba3 b4 0-1

[Event "Praia Atalaia op"]
[Site "Praia Atalaia"]
[Date "2014.05.03"]
[Round "4"]
[White "Vasconcelos, Paulo Cesar da S"]
[Black "Azevedo Junior, Jose Ferreira"]
[Result "0-1"]
[WhiteElo "1841"]
[BlackElo "2063"]
[PlyCount "54"]
[EventDate "2014.05.02"]
[EventType "swiss"]
[EventRounds "6"]
[EventCountry "BRA"]
[SourceTitle "CBM 160 Extra"]
[Source "ChessBase"]
[SourceDate "2014.07.01"]
[SourceVersion "1"]
[SourceVersionDate "2014.07.01"]
[SourceQuality "1"]

1. d4 d5 2. c4 c6 3. Nf3 Nf6 4. Nc3 g6 5. e3 Bg7 6. b4 a6 7. b5 Bg4 8. bxc6 Nxc6 9. Rb1 Rb8 10. Qa4 Bxf3 11. gxf3 0-0 12. c5 e5 13. Bd2 exd4 14. exd4 Re8+ 15. Kd1 Nxd4 16. Bf4 Rc8 17. Rxb7 Ne6 18. Bd6 Nxc5 19. Bxc5 Rxc5 20. Qb4 Rxc3 21. Qxc3 Ne4 22. Qc2 Nc3+ 23. Kd2 Qg5+ 24. Kd3 Qf5+ 25. Kd2 Qf4+ 26. Kd3 Qc4+ 27. Kd2 Bh6+ 0-1

[Event "Praia Atalaia op"]
[Site "Praia Atalaia"]
[Date "2014.05.02"]
[Round "1"]
[White "Azevedo Junior, Jose Ferreira"]
[Black "Ribeiro, Micchael de Aragao"]
[Result "1-0"]
[WhiteElo "2063"]
[BlackElo "1750"]
[PlyCount "41"]
[EventDate "2014.05.02"]
[EventType "swiss"]
[EventRounds "6"]
[EventCountry "BRA"]
[SourceTitle "CBM 160 Extra"]
[Source "ChessBase"]
[SourceDate "2014.07.01"]
[SourceVersion "1"]
[SourceVersionDate "2014.07.01"]
[SourceQuality "1"]

1. Nf3 d5 2. d4 Nc6 3. Bf4 a6 4. e3 e6 5. Nbd2 Bd6 6. Bg3 Nf6 7. c4 0-0 8. Rc1 Bd7 9. Bd3 Rb8 10. a3 Qe7 11. b4 Bxg3 12. hxg3 dxc4 13. Nxc4 b5 14. Nce5 Qd6 15. Nxd7 Qxd7 16. Qc2 Rb6 17. Ne5 Nxe5 18. dxe5 Rc8 19. exf6 g6 20. 0-0 Rd6 21. Rfd1 1-0